| 000 | 00823nam a2200265 4500 | ||
|---|---|---|---|
| 003 | OSt | ||
| 005 | 20260530113905.0 | ||
| 008 | 260507b20032004sp ||||| |||| 00| 0 spa d | ||
| 020 | _a 8493216763 | ||
| 040 |
_aICI _bSPA _cICI |
||
| 041 | _aSPA | ||
| 050 |
_aNK2057 _bS8418 |
||
| 100 | 1 |
_a Sweet, Fay, _e autor _932747 |
|
| 240 |
_a Scandimodern. _lEspañol |
||
| 245 | 1 | 0 |
_aInteriores escandinavos / _cFay Sweet ; versión castellana de Oscar Nabais |
| 264 | 1 |
_aBarcelona : _bGustavo Gili, _c2004 |
|
| 300 |
_a192 páginas _bilustraciones |
||
| 336 |
_atexto _2rdacontent |
||
| 337 |
_asin medio _2rdamedia |
||
| 338 |
_avolumen _2rdacarrier |
||
| 500 | _aTraducción de: Scandimodern | ||
| 650 |
_aDecoracion de interiores _zEscandinavia _932748 |
||
| 700 | 1 |
_a Nabais, Oscar, _e traductor _932749 |
|
| 942 |
_2lcc _cBK _n1 |
||
| 999 |
_c11933 _d11933 |
||